书目信息 |
| 题名: |
圣言.人言--神学诠释学
|
|
| 作者: | 杨慧林 | |
| 分册: | ||
| 出版信息: | 上海 上海译文出版社 2002 |
|
| 页数: | 249页 | |
| 开本: | 20cm | |
| 丛书名: | ||
| 单 册: | ||
| 中图分类: | B089.2 | |
| 科图分类: | ||
| 主题词: | 哲学学派 , 哲学学派--研究 | |
| 电子资源: | ||
| ISBN: | 7-5327-2806-4 | |
| 000 | 00557nam0 2200193 450 | |
| 001 | 0728815141 | |
| 005 | 20070819080015.14 | |
| 010 | @a7-5327-2806-4@d¥16.80 | |
| 100 | @a20070819d km y0chiy0120 ea | |
| 101 | 0 | @achi |
| 200 | 1 | @a圣言.人言--神学诠释学@Asheng yan.ren yan--shen xue quan shi xue@f杨慧林@Fyang hui lin |
| 210 | @a上海@c上海译文出版社@d2002 | |
| 215 | @a249页@d20cm | |
| 606 | 0 | @a哲学学派 |
| 606 | 0 | @a哲学学派@x研究 |
| 690 | @aB089.2@v3 | |
| 701 | 0 | @a杨慧林@Ayang hui lin |
| 801 | 0 | @aCN@bPFT@c20070819 |
| 905 | @a213230@dB089.2@eZW41@f1 | |
| 圣言.人言--神学诠释学/杨慧林.-上海:上海译文出版社,2002 |
| 249页;20cm |
| ISBN 7-5327-2806-4:¥16.80 |
| ● |
| 相关链接 |
|
|
|
|
正题名:圣言·人言--神学诠释学
索取号:B089.2/ZW41
 
预约/预借
| 序号 | 登录号 | 条形码 | 馆藏地/架位号 | 状态 | 备注 |
| 1 | 7600816 | 276008160 | 密集书库-文学院/ [索取号:B089.2/ZW41] | 在馆 |